[Event "Liga Madrileña - DH 2013-2014"]
[Site "Madrid ESP"]
[Date "2014.02.22"]
[Round "11.13"]
[White "Bermejo Martinez, Jorge"]
[Black "Montanes Arribas, Adrian"]
[Result "1-0"]
[WhiteElo "2309"]
[BlackElo "2220"]
[PlyCount "69"]
[EventDate "2013.11.18"]
[EventType "team-tourn"]
[EventRounds "14"]
[EventCountry "ESP"]
[Source "lmi"]
[SourceDate "2013.11.18"]
[WhiteTeam "64 Villalba"]
[BlackTeam "Vallecas CDV"]
[WhiteTeamCountry "ESP"]
[BlackTeamCountry "ESP"]

1. d4 Nf6 2. g3 d5 3. Bg2 c6 4. Nf3 Bf5 5. O-O e6 6. Nbd2 Bd6 7. c4 O-O 8. Nh4
Bg4 9. Re1 Nbd7 10. Qc2 e5 11. h3 Bh5 12. Qb3 Qb6 13. Qxb6 axb6 14. dxe5 Nxe5
15. cxd5 Nxd5 16. Bxd5 cxd5 17. g4 Bg6 18. f4 Bc5+ 19. Kf1 Nc6 20. f5 Nd4 21.
Ndf3 Nc2 22. Bd2 Nxa1 23. Rxa1 Rfe8 24. a3 Be3 25. fxg6 hxg6 26. Bxe3 Rxe3 27.
Rd1 Rae8 28. Rd2 d4 29. Ng2 Rb3 30. Nf4 Re4 31. Nd3 Rb5 32. Rc2 Rd5 33. Rc7 f6
34. Rxb7 b5 35. Rc7 1-0

[Event "Liga Madrileña - DH 2013-2014"]
[Site "Madrid ESP"]
[Date "2014.02.22"]
[Round "11.15"]
[White "Lopez del Alamo, Antonio"]
[Black "Montoya Pecurul, Marc"]
[Result "1-0"]
[WhiteElo "2281"]
[BlackElo "2092"]
[PlyCount "47"]
[EventDate "2013.11.18"]
[EventType "team-tourn"]
[EventRounds "14"]
[EventCountry "ESP"]
[Source "lmi"]
[SourceDate "2013.11.18"]
[WhiteTeam "64 Villalba"]
[BlackTeam "Vallecas CDV"]
[WhiteTeamCountry "ESP"]
[BlackTeamCountry "ESP"]

1. e4 c5 2. Nf3 d6 3. d4 cxd4 4. Nxd4 Nf6 5. Nc3 g6 6. f4 Nc6 7. Nf3 Bg7 8. Bd3
O-O 9. O-O b5 10. Qe1 b4 11. Nd1 Bb7 12. Qh4 Rc8 13. Kh1 Na5 14. f5 Nc4 15. Bh6
Bxh6 16. Qxh6 Ne5 17. Ne3 Bxe4 18. Ng5 Nxd3 19. Ng4 Bxg2+ 20. Kxg2 Rxc2+ 21.
Kh3 Rxh2+ 22. Nxh2 Ne5 23. Rae1 Qa5 24. fxg6 1-0

[Event "Liga Madrileña - DH 2013-2014"]
[Site "Madrid ESP"]
[Date "2014.02.22"]
[Round "11.16"]
[White "Morona Minguez, Irene"]
[Black "Blasco de la Cruz, Luis"]
[Result "1/2-1/2"]
[WhiteElo "1983"]
[BlackElo "2002"]
[PlyCount "55"]
[EventDate "2013.11.18"]
[EventType "team-tourn"]
[EventRounds "14"]
[EventCountry "ESP"]
[Source "lmi"]
[SourceDate "2013.11.18"]
[WhiteTeam "Vallecas CDV"]
[BlackTeam "64 Villalba"]
[WhiteTeamCountry "ESP"]
[BlackTeamCountry "ESP"]

1. e4 Nf6 2. e5 Nd5 3. d4 d6 4. Nf3 Bg4 5. h3 Bh5 6. Be2 e6 7. c4 Nb6 8. Nc3
dxe5 9. Nxe5 Bxe2 10. Nxe2 N8d7 11. Qb3 Nxe5 12. dxe5 Qd7 13. Be3 Qa4 14. Qxa4+
Nxa4 15. O-O-O Bc5 16. Rd3 Bxe3+ 17. Rxe3 Ke7 18. Rd1 Rhd8 19. b3 Rxd1+ 20.
Kxd1 Rd8+ 21. Kc2 Nc5 22. Nc3 a6 23. Rg3 Kf8 24. Re3 Rd4 25. f3 Ke7 26. Ne2 Rd8
27. Nc3 Rd4 28. Ne2 1/2-1/2

[Event "Liga Madrileña - DH 2013-2014"]
[Site "Madrid ESP"]
[Date "2014.02.23"]
[Round "11.21"]
[White "Candela Perez, Jose"]
[Black "Vazquez Igarza, Renier"]
[Result "1/2-1/2"]
[WhiteElo "2447"]
[BlackElo "2588"]
[PlyCount "158"]
[EventDate "2013.11.18"]
[EventType "team-tourn"]
[EventRounds "14"]
[EventCountry "ESP"]
[Source "lmi"]
[SourceDate "2013.11.18"]
[WhiteTeam "La Casa del Ajedrez"]
[BlackTeam "Collado Villalba"]
[WhiteTeamCountry "ESP"]
[BlackTeamCountry "ESP"]

1. d4 d5 2. c4 c6 3. Nf3 Nf6 4. Nc3 e6 5. Bg5 Nbd7 6. e3 Qa5 7. Nd2 Bb4 8. Qc2
O-O 9. Be2 e5 10. Bxf6 Nxf6 11. dxe5 Ne4 12. cxd5 Nxc3 13. bxc3 Bxc3 14. Rc1
Bxe5 15. dxc6 Rd8 16. Bd3 bxc6 17. O-O g6 18. Nc4 Qc7 19. Nxe5 Qxe5 20. Qxc6
Rb8 21. Qc3 Qxc3 22. Rxc3 Be6 23. a3 Rb3 24. Rxb3 Bxb3 25. Bb5 Rd2 26. Rb1 Bc2
27. Rc1 Bd3 28. Bxd3 Rxd3 29. Ra1 Rb3 30. g4 a5 31. Kg2 a4 32. h4 Kg7 33. Kg3
h6 34. Kf3 Kf6 35. Ke4 Ke6 36. h5 gxh5 37. gxh5 Kf6 38. Kf4 Rb2 39. f3 Rb3 40.
e4 Rc3 41. Kg4 Re3 42. Ra2 Ke5 43. Rd2 Rxa3 44. Rd5+ Kf6 45. Ra5 Ra1 46. Ra6+
Kg7 47. f4 Rg1+ 48. Kf5 Rh1 49. Ke5 Rxh5+ 50. f5 Rh4 51. Rxa4 Rg4 52. Ra8 Rg5
53. Kd6 Kf6 54. Ra5 Rg1 55. Rd5 Ra1 56. Rd2 h5 57. Rh2 Rd1+ 58. Kc5 Ke5 59.
Rxh5 Rc1+ 60. Kb4 Kxe4 61. f6 Rc6 62. Rh6 Kf5 63. Rh1 Kg6 64. Kb3 Kg5 65. Kb2
Rc5 66. Rf1 Rc4 67. Kb3 Rc6 68. Kb2 Rxf6 69. Rg1+ Kf4 70. Rf1+ Ke5 71. Re1+ Kd4
72. Kc2 Rf2+ 73. Kd1 f5 74. Re8 Rf4 75. Ke1 Kd5 76. Re7 Kd6 77. Re8 Kc5 78. Rd8
Rd4 79. Rf8 Rd5 1/2-1/2

[Event "Liga Madrileña - DH 2013-2014"]
[Site "Madrid ESP"]
[Date "2014.02.23"]
[Round "11.22"]
[White "Arribas Lopez, Angel"]
[Black "Gallego Jimenez, Victoriano"]
[Result "1-0"]
[WhiteElo "2488"]
[BlackElo "2367"]
[PlyCount "59"]
[EventDate "2013.11.18"]
[EventType "team-tourn"]
[EventRounds "14"]
[EventCountry "ESP"]
[Source "lmi"]
[SourceDate "2013.11.18"]
[WhiteTeam "Collado Villalba"]
[BlackTeam "La Casa del Ajedrez"]
[WhiteTeamCountry "ESP"]
[BlackTeamCountry "ESP"]

1. e4 c5 2. Nf3 Nc6 3. Nc3 Nf6 4. d4 cxd4 5. Nxd4 Qb6 6. Nb3 e6 7. Be3 Qc7 8.
f4 Bb4 9. Qd3 d5 10. O-O-O Bxc3 11. Qxc3 O-O 12. e5 Ne4 13. Qe1 a5 14. a3 b6
15. Bd3 Ba6 16. Bxe4 dxe4 17. Rd6 Rfc8 18. Qf2 a4 19. Nd4 Na5 20. f5 Nb3+ 21.
Kb1 Nxd4 22. Bxd4 exf5 23. Bc3 Bc4 24. Qxf5 e3 25. e6 fxe6 26. Qe5 e2 27. b3
Qf7 28. bxc4 Rxc4 29. Re1 Rac8 30. Bb2 1-0

[Event "Liga Madrileña - DH 2013-2014"]
[Site "Madrid ESP"]
[Date "2014.02.23"]
[Round "11.23"]
[White "Suarez Uriel, Adrian"]
[Black "Moreno Ruiz, Javier"]
[Result "1-0"]
[WhiteElo "2254"]
[BlackElo "2470"]
[PlyCount "67"]
[EventDate "2013.11.18"]
[EventType "team-tourn"]
[EventRounds "14"]
[EventCountry "ESP"]
[Source "lmi"]
[SourceDate "2013.11.18"]
[WhiteTeam "La Casa del Ajedrez"]
[BlackTeam "Collado Villalba"]
[WhiteTeamCountry "ESP"]
[BlackTeamCountry "ESP"]

1. e4 e5 2. Nf3 Nc6 3. Bb5 a6 4. Ba4 Nf6 5. O-O Be7 6. d3 b5 7. Bb3 d6 8. a4
Bd7 9. Nc3 Na5 10. Ba2 bxa4 11. Ng5 O-O 12. f4 exf4 13. Bxf4 c5 14. Bd2 c4 15.
d4 Qb6 16. Bc1 h6 17. Nf3 Rfe8 18. Kh1 Rad8 19. Bb1 Bf8 20. Qe1 Qb7 21. Nxa4
Nc6 22. Nc3 Nb4 23. Nd2 Bc6 24. Nxc4 Bxe4 25. Nxe4 Rxe4 26. Qf2 Ng4 27. Qf3
Rde8 28. Bd2 d5 29. c3 Qc7 30. Ne5 R8xe5 31. dxe5 Nxe5 32. Bf4 Nxf3 33. Bxc7
Nd2 34. Bxe4 1-0

[Event "Liga Madrileña - DH 2013-2014"]
[Site "Madrid ESP"]
[Date "2014.02.23"]
[Round "11.24"]
[White "Reyes Larena, Juan"]
[Black "Madina Yadarola, Martin"]
[Result "1-0"]
[WhiteElo "2436"]
[BlackElo "2276"]
[PlyCount "79"]
[EventDate "2013.11.18"]
[EventType "team-tourn"]
[EventRounds "14"]
[EventCountry "ESP"]
[Source "lmi"]
[SourceDate "2013.11.18"]
[WhiteTeam "Collado Villalba"]
[BlackTeam "La Casa del Ajedrez"]
[WhiteTeamCountry "ESP"]
[BlackTeamCountry "ESP"]

1. e4 c5 2. Nf3 d6 3. g3 Nf6 4. d3 g6 5. Bg2 Bg7 6. O-O O-O 7. c3 Nc6 8. Re1 e5
9. a3 d5 10. Nbd2 dxe4 11. dxe4 Qc7 12. a4 h6 13. Nc4 Be6 14. Qe2 Rfd8 15. Nfd2
Rd7 16. a5 Rad8 17. Bf1 Ne8 18. h4 Nd6 19. Nxd6 Rxd6 20. a6 b6 21. Nc4 Bxc4 22.
Qxc4 Na5 23. Qb5 c4 24. Be3 Qc6 25. Rxa5 bxa5 26. Qxc4 Qd7 27. Qb5 Qc7 28. Qc5
R6d7 29. Ra1 Qb8 30. Qb5 Qa8 31. Qa4 Qb8 32. Bb5 Rd2 33. b3 Rd1+ 34. Rxd1 Rxd1+
35. Kg2 Bf8 36. Qxa5 Qc8 37. Bc4 Qg4 38. Qxe5 Bg7 39. Qe8+ Kh7 40. Bxf7 1-0

[Event "Liga Madrileña - DH 2013-2014"]
[Site "Madrid ESP"]
[Date "2014.02.23"]
[Round "11.25"]
[White "Unciti Juan, Javier"]
[Black "Ortega Ruiz, Jose Miguel"]
[Result "0-1"]
[WhiteElo "2152"]
[BlackElo "2366"]
[PlyCount "122"]
[EventDate "2013.11.18"]
[EventType "team-tourn"]
[EventRounds "14"]
[EventCountry "ESP"]
[Source "lmi"]
[SourceDate "2013.11.18"]
[WhiteTeam "La Casa del Ajedrez"]
[BlackTeam "Collado Villalba"]
[WhiteTeamCountry "ESP"]
[BlackTeamCountry "ESP"]

1. e4 e5 2. Bc4 Nc6 3. Nf3 Nf6 4. d4 exd4 5. O-O Nxe4 6. Re1 d5 7. Bxd5 Qxd5 8.
Nc3 Qh5 9. Nxe4 Be6 10. Bg5 Bd6 11. Bf6 Bxh2+ 12. Nxh2 Qxd1 13. Raxd1 gxf6 14.
Nxf6+ Kf8 15. Nf3 Rd8 16. a3 Kg7 17. Nh5+ Kh6 18. Ng3 Rd5 19. Re4 Rhd8 20. Rh4+
Kg6 21. Ne2 Rb5 22. b4 a5 23. Nf4+ Kf6 24. Rh6+ Ke7 25. Nxe6 fxe6 26. Rxh7+ Kf6
27. bxa5 e5 28. Rxc7 Ra8 29. Re1 Raxa5 30. Re4 Rxa3 31. Rh4 Ke6 32. Rhh7 e4 33.
Nd2 e3 34. fxe3 dxe3 35. Nf3 Rb1+ 36. Kh2 e2 37. Rxc6+ bxc6 38. Nd4+ Kd5 39.
Nxe2 Rb2 40. Rh5+ Kd6 41. Rh6+ Kc5 42. Rh5+ Kb6 43. Nd4 Rc3 44. Rh7 Rc5 45. Rh8
Kb7 46. Rh7+ Ka6 47. c3 Rxc3 48. Rc7 c5 49. Ne6 Kb6 50. Rc8 Rcc2 51. Nf4 c4 52.
Kg3 Kb5 53. Kf3 Rf2+ 54. Kg4 Rxf4+ 55. Kxf4 Rxg2 56. Ke3 Kb4 57. Rb8+ Kc3 58.
Rc8 Rg7 59. Ke2 Rd7 60. Rb8 Kc2 61. Rc8 Re7+ 0-1

[Event "Liga Madrileña - DH 2013-2014"]
[Site "Madrid ESP"]
[Date "2014.02.23"]
[Round "11.26"]
[White "Pastor Alonso de Prado, Alberto"]
[Black "Collado Barbas, Laura"]
[Result "0-1"]
[WhiteElo "2159"]
[BlackElo "2133"]
[PlyCount "110"]
[EventDate "2013.11.18"]
[EventType "team-tourn"]
[EventRounds "14"]
[EventCountry "ESP"]
[Source "lmi"]
[SourceDate "2013.11.18"]
[WhiteTeam "Collado Villalba"]
[BlackTeam "La Casa del Ajedrez"]
[WhiteTeamCountry "ESP"]
[BlackTeamCountry "ESP"]

1. e4 e6 2. d4 d5 3. e5 c5 4. c3 Qb6 5. Nf3 Nc6 6. Be2 Bd7 7. O-O cxd4 8. cxd4
Nge7 9. Nc3 Nf5 10. Na4 Qc7 11. Be3 Be7 12. Rc1 Nxe3 13. fxe3 O-O 14. Nc5 f6
15. b4 a6 16. a4 Bxc5 17. Rxc5 b6 18. Rc3 Qd8 19. b5 axb5 20. Bxb5 Rc8 21. Ba6
Rc7 22. Bd3 f5 23. Rb3 Ra7 24. Qb1 Rxa4 25. Bb5 Ra7 26. Bxc6 Bxc6 27. Rxb6 Bd7
28. Rb7 Ra3 29. Qc1 Ra6 30. Qc7 Qxc7 31. Rxc7 Be8 32. Rb1 h6 33. Ne1 Ra3 34.
Kf2 Ra2+ 35. Kg3 Re2 36. Nc2 g5 37. Rb3 Bg6 38. Kf3 Bh5+ 39. Kg3 f4+ 40. exf4
gxf4+ 41. Kh3 Bg6 42. Rbc3 Be4 43. g3 f3 44. Ne3 Rxe3 45. Rxe3 f2 46. Rc1 f1=Q+
47. Rxf1 Rxf1 48. Ra3 Rd1 49. Ra4 Rd2 50. g4 Kf7 51. Ra7+ Kg6 52. Re7 Rxd4 53.
Kh4 Bf5 54. h3 h5 55. Kg3 hxg4 0-1

[Event "Liga Madrileña - DH 2013-2014"]
[Site "Madrid ESP"]
[Date "2014.02.23"]
[Round "11.31"]
[White "Vallejo Diaz, Javier"]
[Black "Anton Guijarro, David"]
[Result "0-1"]
[WhiteElo "2400"]
[BlackElo "2553"]
[PlyCount "70"]
[EventDate "2013.11.18"]
[EventType "team-tourn"]
[EventRounds "14"]
[EventCountry "ESP"]
[Source "lmi"]
[SourceDate "2013.11.18"]
[WhiteTeam "Liberty Chess"]
[BlackTeam "Virgen de Atocha"]
[WhiteTeamCountry "ESP"]
[BlackTeamCountry "ESP"]

1. e4 c5 2. Nf3 Nc6 3. Bb5 e6 4. O-O Nge7 5. b3 Nd4 6. a4 a6 7. Nxd4 cxd4 8.
Bd3 Nc6 9. Bb2 Be7 10. f4 O-O 11. Kh1 d5 12. e5 f5 13. c3 Bd7 14. Na3 Rc8 15.
cxd4 Qb6 16. Nc2 Qxb3 17. Bc3 Qb6 18. a5 Qd8 19. g4 Qe8 20. Rb1 Rb8 21. Ne3 Qf7
22. Qf3 g6 23. Qh3 Kh8 24. gxf5 gxf5 25. Rg1 Rg8 26. Rg3 Na7 27. Rbg1 Bb5 28.
Rxg8+ Rxg8 29. Rxg8+ Qxg8 30. Qf1 Bh4 31. Ng2 Bd8 32. Ne3 Qe8 33. Bb4 Bxd3 34.
Qxd3 Qb5 35. Qc3 Nc6 0-1

[Event "Liga Madrileña - DH 2013-2014"]
[Site "Madrid ESP"]
[Date "2014.02.23"]
[Round "11.32"]
[White "Almagro Llanas, Pablo"]
[Black "Valles Moreno, Ivan"]
[Result "1-0"]
[WhiteElo "2467"]
[BlackElo "2373"]
[PlyCount "105"]
[EventDate "2013.11.18"]
[EventType "team-tourn"]
[EventRounds "14"]
[EventCountry "ESP"]
[Source "lmi"]
[SourceDate "2013.11.18"]
[WhiteTeam "Virgen de Atocha"]
[BlackTeam "Liberty Chess"]
[WhiteTeamCountry "ESP"]
[BlackTeamCountry "ESP"]

1. e4 d6 2. d4 Nf6 3. Nc3 g6 4. g3 Bg7 5. Bg2 O-O 6. Nge2 Nbd7 7. O-O c5 8.
dxc5 Nxc5 9. h3 Bd7 10. Be3 Rc8 11. a4 b6 12. Nd4 a6 13. Qe2 Qe8 14. Rfc1 e6
15. Nb3 b5 16. Nxc5 dxc5 17. axb5 axb5 18. Ra5 c4 19. e5 Nd5 20. Nxd5 exd5 21.
Bd4 Qe6 22. Re1 Rfe8 23. Qd2 Bc6 24. Raa1 Rc7 25. f4 Qc8 26. Qf2 h5 27. Kh2 b4
28. Bf3 Qf5 29. Bg2 b3 30. c3 g5 31. Be3 Rce7 32. Ra6 Qc8 33. Ra5 Qd8 34. Raa1
Re6 35. Rad1 h4 36. gxh4 gxf4 37. Bxf4 Qd7 38. Re3 Rg6 39. Bf3 Qf5 40. Bg4 Qc2
41. Rd2 Qb1 42. Re1 Qa2 43. h5 Rh6 44. Bxh6 Bxh6 45. e6 f5 46. Qxf5 Qa7 47. Rg2
Rf8 48. Qg6+ Qg7 49. e7 Qxg6 50. exf8=Q+ Bxf8 51. Be6+ Kh8 52. hxg6 Bd6+ 53.
Kh1 1-0

[Event "Liga Madrileña - DH 2013-2014"]
[Site "Madrid ESP"]
[Date "2014.02.23"]
[Round "11.33"]
[White "Sanchez Gonzalez, Sergio"]
[Black "Rubio Mejia, Luis Ignacio"]
[Result "0-1"]
[WhiteElo "2319"]
[BlackElo "2452"]
[PlyCount "76"]
[EventDate "2013.11.18"]
[EventType "team-tourn"]
[EventRounds "14"]
[EventCountry "ESP"]
[Source "lmi"]
[SourceDate "2013.11.18"]
[WhiteTeam "Liberty Chess"]
[BlackTeam "Virgen de Atocha"]
[WhiteTeamCountry "ESP"]
[BlackTeamCountry "ESP"]

1. c4 e5 2. Nc3 Nf6 3. Nf3 Nc6 4. e3 Bb4 5. Qc2 Bxc3 6. Qxc3 Qe7 7. a3 d5 8.
cxd5 Nxd5 9. Qb3 Nb6 10. Bb5 O-O 11. d3 Bd7 12. Bd2 Rfe8 13. Bc3 Qf6 14. O-O-O
a6 15. Bc4 Bg4 16. h4 Rab8 17. Rhg1 Nxc4 18. Qxc4 h5 19. d4 exd4 20. exd4 Qf4+
21. Bd2 Qf5 22. Rde1 Bxf3 23. gxf3 Qxf3 24. Be3 Rbd8 25. Rg3 Qd5 26. Qc3 Nxd4
27. Rgg1 g6 28. Bxd4 Rxe1+ 29. Rxe1 Qxd4 30. Re8+ Kh7 31. Rxd8 Qxd8 32. Qf3 Kg7
33. Qc3+ Qf6 34. Qg3 c5 35. Qe3 Qxh4 36. Qxc5 Qh1+ 37. Kd2 Qc6 38. Qe5+ Qf6 0-1

[Event "Liga Madrileña - DH 2013-2014"]
[Site "Madrid ESP"]
[Date "2014.02.23"]
[Round "11.34"]
[White "Fernandez Barrera, Victor"]
[Black "Perez Gonzalez, Jose Manuel"]
[Result "0-1"]
[WhiteElo "2313"]
[BlackElo "2324"]
[PlyCount "120"]
[EventDate "2013.11.18"]
[EventType "team-tourn"]
[EventRounds "14"]
[EventCountry "ESP"]
[Source "lmi"]
[SourceDate "2013.11.18"]
[WhiteTeam "Virgen de Atocha"]
[BlackTeam "Liberty Chess"]
[WhiteTeamCountry "ESP"]
[BlackTeamCountry "ESP"]

1. e4 d6 2. d4 Nf6 3. Nc3 g6 4. f4 Bg7 5. Nf3 c5 6. Bb5+ Bd7 7. e5 Ng4 8. Bxd7+
Qxd7 9. d5 dxe5 10. h3 e4 11. hxg4 exf3 12. Qxf3 Na6 13. Bd2 O-O-O 14. O-O-O
Nc7 15. Be1 f5 16. gxf5 gxf5 17. Bf2 b6 18. Rh5 h6 19. g3 Rhf8 20. Rhh1 Rf6 21.
Rd2 Rd6 22. Rhd1 Bxc3 23. Qxc3 Nxd5 24. Qf3 Kb8 25. Be1 Nf6 26. Qh1 Ng4 27.
Rxd6 exd6 28. Kb1 d5 29. Qf3 Qe6 30. Bd2 Re8 31. Bc1 Nf6 32. b3 Qe2 33. Qxe2
Rxe2 34. Bb2 d4 35. c3 dxc3 36. Bxc3 Ne4 37. Be5+ Kc8 38. Rh1 Nd2+ 39. Ka1 Nf3
40. Bg7 Re1+ 41. Rxe1 Nxe1 42. Bxh6 Kd7 43. Bg7 Nd3 44. Kb1 Ke6 45. a3 Kd5 46.
Kc2 Nf2 47. Be5 Ne4 48. Kd3 Nxg3 49. a4 a6 50. Bc7 b5 51. axb5 axb5 52. Be5 Ne4
53. Bc7 Nd6 54. Bd8 Nc8 55. Bf6 Na7 56. Bg7 Nc6 57. Bf6 b4 58. Bg7 Nd4 59. Be5
Nxb3 60. Bc7 Nd4 0-1

[Event "Liga Madrileña - DH 2013-2014"]
[Site "Madrid ESP"]
[Date "2014.02.23"]
[Round "11.35"]
[White "Fernandez Garcia, Miguel Angel"]
[Black "Rabadan Velasco, Raul"]
[Result "1/2-1/2"]
[WhiteElo "2325"]
[BlackElo "2280"]
[PlyCount "110"]
[EventDate "2013.11.18"]
[EventType "team-tourn"]
[EventRounds "14"]
[EventCountry "ESP"]
[Source "lmi"]
[SourceDate "2013.11.18"]
[WhiteTeam "Liberty Chess"]
[BlackTeam "Virgen de Atocha"]
[WhiteTeamCountry "ESP"]
[BlackTeamCountry "ESP"]

1. d4 d6 2. Nf3 f5 3. g3 Nf6 4. Bg2 g6 5. b4 Nc6 6. c4 Qd7 7. b5 Nd8 8. Bb2 Bg7
9. Qb3 O-O 10. O-O Nf7 11. Rd1 e6 12. d5 e5 13. c5 g5 14. cxd6 cxd6 15. Nc3 f4
16. Nd2 h5 17. Nce4 Ng4 18. Nc4 Ngh6 19. gxf4 gxf4 20. Ba3 Nf5 21. Bh3 Qe7 22.
Bxf5 Bxf5 23. Ncxd6 Nxd6 24. Bxd6 Qh4 25. Bxf8 Qg4+ 26. Kf1 Bxe4 27. Bxg7 Qg2+
28. Ke1 Kxg7 29. Qc3 Kf6 30. d6 Qg1+ 31. Kd2 Qxf2 32. Rf1 Qxh2 33. Qc7 Qg3 34.
Qe7+ Kg6 35. Rg1 Bg2 36. Qe6+ Kh7 37. Qf5+ Kh6 38. Qxe5 h4 39. Rxg2 Qxg2 40.
Qf6+ Kh5 41. Qf5+ Qg5 42. Qh7+ Qh6 43. Qf7+ Qg6 44. Qxf4 Rd8 45. Qf3+ Kh6 46.
Qf4+ Qg5 47. Qxg5+ Kxg5 48. Rg1+ Kf5 49. Ke3 Rxd6 50. Kf3 Rh6 51. Rf1 Ke5 52.
Kg2 Rf6 53. Rc1 Kd4 54. Rc7 Rb6 55. a4 a6 1/2-1/2

[Event "Liga Madrileña - DH 2013-2014"]
[Site "Madrid ESP"]
[Date "2014.02.23"]
[Round "11.36"]
[White "Perez de Aranda, Leonardo Ivan"]
[Black "Gallardo Garcia, Andres"]
[Result "1/2-1/2"]
[WhiteElo "2115"]
[BlackElo "2332"]
[PlyCount "69"]
[EventDate "2013.11.18"]
[EventType "team-tourn"]
[EventRounds "14"]
[EventCountry "ESP"]
[Source "lmi"]
[SourceDate "2013.11.18"]
[WhiteTeam "Virgen de Atocha"]
[BlackTeam "Liberty Chess"]
[WhiteTeamCountry "ESP"]
[BlackTeamCountry "ESP"]

1. e4 c5 2. d4 cxd4 3. c3 g6 4. Nf3 Bg7 5. Bc4 e6 6. O-O Ne7 7. Bg5 Nbc6 8.
cxd4 h6 9. Bh4 d5 10. exd5 exd5 11. Bb5 O-O 12. Bxc6 bxc6 13. Ne5 f6 14. Nd3
Nf5 15. Bg3 Qb6 16. Nc3 Qxd4 17. Ne2 Qb6 18. Rc1 g5 19. Qc2 Re8 20. Rfe1 Ba6
21. Nc5 Bc8 22. Nb3 a5 23. Ned4 Rxe1+ 24. Rxe1 Nxd4 25. Nxd4 Qxd4 26. Qxc6 Qb4
27. Re8+ Kf7 28. Bd6 Qc4 29. Re7+ Kg6 30. Qe8+ Kh7 31. h3 Qc2 32. Rxg7+ Kxg7
33. Qf8+ Kg6 34. Qe8+ Kg7 35. Qf8+ 1/2-1/2

[Event "Liga Madrileña - DH 2013-2014"]
[Site "Madrid ESP"]
[Date "2014.02.23"]
[Round "11.41"]
[White "Alcazar Jimenez, Victor Manuel"]
[Black "Fernandez Blazquez, Diego"]
[Result "1/2-1/2"]
[WhiteElo "2368"]
[BlackElo "2195"]
[PlyCount "75"]
[EventDate "2013.11.18"]
[EventType "team-tourn"]
[EventRounds "14"]
[EventCountry "ESP"]
[Source "lmi"]
[SourceDate "2013.11.18"]
[WhiteTeam "Blanco y Negro"]
[BlackTeam "San Fernando de Henares"]
[WhiteTeamCountry "ESP"]
[BlackTeamCountry "ESP"]

1. c4 c5 2. Nc3 Nc6 3. g3 g6 4. Bg2 Bg7 5. e4 e6 6. Nge2 Nge7 7. O-O O-O 8. d3
d6 9. Be3 Nd4 10. Qd2 Rb8 11. Bh6 Nxe2+ 12. Nxe2 Nc6 13. Bxg7 Kxg7 14. d4 e5
15. d5 Nd4 16. Nxd4 cxd4 17. b4 b6 18. f4 f6 19. Rfc1 Qe7 20. a4 Bd7 21. a5
Rfc8 22. axb6 axb6 23. Ra7 Ra8 24. Rca1 Qd8 25. c5 bxc5 26. fxe5 fxe5 27. bxc5
Rxa7 28. Rxa7 Rxc5 29. h4 Rc7 30. Ra6 Qf6 31. Kh2 Bg4 32. Rc6 Rb7 33. Rc1 Rf7
34. Rf1 Qe7 35. Ra1 h6 36. Ra6 Qf6 37. Qb4 Rd7 38. Ra8 1/2-1/2

[Event "Liga Madrileña - DH 2013-2014"]
[Site "Madrid ESP"]
[Date "2014.02.23"]
[Round "11.42"]
[White "Ocana Lameiro, Oliver"]
[Black "Bolado Saez, Sergio"]
[Result "0-1"]
[WhiteElo "2044"]
[BlackElo "2349"]
[PlyCount "58"]
[EventDate "2013.11.18"]
[EventType "team-tourn"]
[EventRounds "14"]
[EventCountry "ESP"]
[Source "lmi"]
[SourceDate "2013.11.18"]
[WhiteTeam "San Fernando de Henares"]
[BlackTeam "Blanco y Negro"]
[WhiteTeamCountry "ESP"]
[BlackTeamCountry "ESP"]

1. Nf3 c5 2. c4 Nf6 3. d4 cxd4 4. Nxd4 e5 5. Nb5 d5 6. cxd5 Bc5 7. e3 O-O 8.
N5c3 a6 9. Be2 e4 10. O-O Re8 11. a3 Bf5 12. b4 Bd6 13. Bb2 Nbd7 14. Nd2 Ne5
15. g3 Rc8 16. Rc1 h5 17. Nb3 h4 18. Na5 Qd7 19. Na4 Rxc1 20. Bxc1 Bg4 21. Bxg4
Nfxg4 22. Nc5 Bxc5 23. bxc5 Nf3+ 24. Kg2 Nfxh2 25. c6 bxc6 26. dxc6 Qf5 27. Qd7
Qf3+ 28. Kg1 h3 29. Qxe8+ Kh7 0-1

[Event "Liga Madrileña - DH 2013-2014"]
[Site "Madrid ESP"]
[Date "2014.02.23"]
[Round "11.43"]
[White "Alarcia Astriz, Carlos"]
[Black "Fernandez Gil, Ruben Carlos"]
[Result "1-0"]
[WhiteElo "2331"]
[BlackElo "2043"]
[PlyCount "127"]
[EventDate "2013.11.18"]
[EventType "team-tourn"]
[EventRounds "14"]
[EventCountry "ESP"]
[Source "lmi"]
[SourceDate "2013.11.18"]
[WhiteTeam "Blanco y Negro"]
[BlackTeam "San Fernando de Henares"]
[WhiteTeamCountry "ESP"]
[BlackTeamCountry "ESP"]

1. e4 e6 2. d3 d5 3. Nd2 c5 4. Ngf3 Ne7 5. g3 Nbc6 6. Bg2 b6 7. O-O g6 8. Re1
Bg7 9. h4 h6 10. c3 O-O 11. e5 Qc7 12. Qe2 g5 13. hxg5 hxg5 14. Nf1 g4 15. N3h2
Qxe5 16. Qd1 Qd6 17. Nxg4 e5 18. f4 Ng6 19. fxe5 Ncxe5 20. Nxe5 Bxe5 21. Qf3
Be6 22. Bg5 Rac8 23. Bf6 Bxf6 24. Qxf6 Qe7 25. Qxe7 Nxe7 26. Re2 Rfd8 27. Rae1
d4 28. c4 Nf5 29. Bh3 Ng7 30. Bxe6 Nxe6 31. Nd2 Kg7 32. Rf2 Ng5 33. Kg2 Re8 34.
Rfe2 Rxe2+ 35. Rxe2 Rc7 36. a3 f5 37. Nf3 Nf7 38. Re6 Nh6 39. Ne5 Ng8 40. Rg6+
Kh7 41. Rg5 Nh6 42. Kf3 Re7 43. Kf4 Ng4 44. Rxf5 Ne3 45. Rf7+ Rxf7+ 46. Nxf7
Nd1 47. b3 Nc3 48. Nd6 Ne2+ 49. Kf3 Nc1 50. Ke4 Nxb3 51. Nc8 Nd2+ 52. Kd5 Nb1
53. Nxa7 Nxa3 54. Kc6 Nc2 55. Kxb6 Nb4 56. Kxc5 Nxd3+ 57. Kxd4 Nb4 58. c5 Kg6
59. c6 Na6 60. Nb5 Kg5 61. Ke3 Nb4 62. c7 Nd5+ 63. Kf3 Ne7 64. Nd6 1-0

[Event "Liga Madrileña - DH 2013-2014"]
[Site "Madrid ESP"]
[Date "2014.02.23"]
[Round "11.44"]
[White "De La Orden Alcocer, Alejandro"]
[Black "Renteria Becerra, Jorge Elicer"]
[Result "0-1"]
[WhiteElo "1932"]
[BlackElo "2311"]
[PlyCount "38"]
[EventDate "2013.11.18"]
[EventType "team-tourn"]
[EventRounds "14"]
[EventCountry "ESP"]
[Source "lmi"]
[SourceDate "2013.11.18"]
[WhiteTeam "San Fernando de Henares"]
[BlackTeam "Blanco y Negro"]
[WhiteTeamCountry "ESP"]
[BlackTeamCountry "ESP"]

1. c4 Nf6 2. g3 g6 3. Bg2 Bg7 4. Nc3 O-O 5. d3 c6 6. e4 d6 7. Nge2 e5 8. Rb1 a6
9. b4 b5 10. Bb2 Be6 11. Qb3 Nbd7 12. Rc1 Rb8 13. Nd1 bxc4 14. dxc4 Nc5 15. Qe3
Rxb4 16. Bxe5 Ng4 17. Qa3 Ra4 18. Qc3 Nxe5 19. Nb2 Ned3+ 0-1